Chicago White Sox 2025 Roster - Statistics

General Stats
  • This quiz has been taken 23 times
  • The average score is 10 of 36
Answer Stats
Jersey # Answer % Correct
88 Luis Robert Jr
93%
64 Shane Smith
79%
20 Miguel Vargas
71%
59 Sean Burke
71%
7 Edgar Quero
64%
23 Andrew Benintendi
57%
26 Korey Lee
57%
10 Chase Meidroth
50%
50 Lenyn Sosa
50%
21 Michael A. Taylor
43%
18 Mike Tauchman
43%
65 Davis Martin
36%
48 Jonathan Cannon
36%
61 Mike Vasil
36%
30 Tim Elko
36%
5 Josh Rojas
29%
57 Adrian Houser
21%
15 Austin Slater
21%
53 Brandon Eisert
14%
46 Bryse Wilson
14%
49 Jordan Leasure
14%
47 Joshua Palacios
14%
54 Martin Perez
14%
36 Steven Wilson
14%
40 Tyler Gilbert
14%
41 Vinny Capra
14%
71 Cam Booser
7%
58 Dan Altavilla
7%
33 Drew Thorpe
7%
55 Fraser Ellard
7%
57 Owen White
7%
51 Jared Shuster
0%
62 Jesse Scholtens
0%
57 Ky Bush
0%
60 Miguel Castro
0%
66 Prelander Berroa
0%
No matching quizzes found
Score Distribution
Percent of People with Each Score
Percentile by Number Answered
Your Score History
You have not taken this quiz